Socio-economic development / (Record no. 22814)
[ view plain ]
| 000 -LEADER | |
|---|---|
| fixed length control field | 01736cam a22003855a 4500 |
| 001 - CONTROL NUMBER | |
| control field | 18842448 |
| 005 - DATE AND TIME OF LATEST TRANSACTION | |
| control field | 20161024105712.0 |
| 008 - FIXED-LENGTH DATA ELEMENTS--GENERAL INFORMATION | |
| fixed length control field | 151103s2015 enka frb 001 0 eng d |
| 010 ## - LIBRARY OF CONGRESS CONTROL NUMBER | |
| LC control number | 2015490070 |
| 015 ## - NATIONAL BIBLIOGRAPHY NUMBER | |
| National bibliography number | GBB4D3396 |
| Source | bnb |
| 016 7# - NATIONAL BIBLIOGRAPHIC AGENCY CONTROL NUMBER | |
| Record control number | 016954570 |
| Source | Uk |
| 020 ## - INTERNATIONAL STANDARD BOOK NUMBER | |
| International Standard Book Number | 1107624495 |
| 020 ## - INTERNATIONAL STANDARD BOOK NUMBER | |
| International Standard Book Number | 9781107624498 |
| 035 ## - SYSTEM CONTROL NUMBER | |
| System control number | (OCoLC)ocn886743633 |
| 040 ## - CATALOGING SOURCE | |
| Original cataloging agency | YDXCP |
| Language of cataloging | eng |
| Transcribing agency | YDXCP |
| Modifying agency | OCLCQ |
| -- | UKMGB |
| -- | CDX |
| -- | OCLCQ |
| -- | CHVBK |
| -- | OCLCO |
| -- | NDD |
| -- | OCLCF |
| -- | CUD |
| -- | DLC |
| -- | EG-ScBUE |
| 042 ## - AUTHENTICATION CODE | |
| Authentication code | lccopycat |
| 082 04 - DEWEY DECIMAL CLASSIFICATION NUMBER | |
| Edition number | 22 |
| Classification number | 338.9 |
| Item number | SZI |
| 100 1# - MAIN ENTRY--PERSONAL NAME | |
| Personal name | Szirmai, Adam, |
| Dates associated with a name | 1946- |
| 9 (RLIN) | 41605 |
| 245 10 - TITLE STATEMENT | |
| Title | Socio-economic development / |
| Statement of responsibility, etc | Adam Szirmai. |
| 250 ## - EDITION STATEMENT | |
| Edition statement | 2nd ed. |
| 260 ## - PUBLICATION, DISTRIBUTION, ETC. (IMPRINT) | |
| Place of publication, distribution, etc | Cambridge, United Kingdom : |
| Name of publisher, distributor, etc | Cambridge University Press, |
| Date of publication, distribution, etc | 2015. |
| 300 ## - PHYSICAL DESCRIPTION | |
| Extent | xxx, 763 p. : |
| Other physical details | ill. ; |
| Dimensions | 25 cm. |
| 500 ## - GENERAL NOTE | |
| General note | Indexes: p. 735-763. |
| 504 ## - BIBLIOGRAPHY, ETC. NOTE | |
| Bibliography, etc | Bibliography : (p. 658-734). |
| 520 ## - SUMMARY, ETC. | |
| Summary, etc | Taking a comparative and multidisciplinary approach, this textbook offers a non-technical introduction to the dynamics of socio-economic development and stagnation.<br/> |
| 650 #7 - SUBJECT ADDED ENTRY--TOPICAL TERM | |
| Topical term or geographic name as entry element | Economic development. |
| Source of heading or term | BUEsh |
| 9 (RLIN) | 10495 |
| 650 #7 - SUBJECT ADDED ENTRY--TOPICAL TERM | |
| Topical term or geographic name as entry element | Social change. |
| Source of heading or term | BUEsh |
| 9 (RLIN) | 21180 |
| 651 ## - SUBJECT ADDED ENTRY--GEOGRAPHIC NAME | |
| Source of heading or term | BUEsh |
| 653 ## - INDEX TERM--UNCONTROLLED | |
| Resource For college | BAEPS, Business Administration |
| Arrived date list | October2016 |
| 653 ## - INDEX TERM--UNCONTROLLED | |
| Resource For college | BAEPS, Economics |
| Arrived date list | October2016 |
| 856 41 - ELECTRONIC LOCATION AND ACCESS | |
| Materials specified | Table of contents only |
| Uniform Resource Identifier | <a href="http://www.loc.gov/catdir/enhancements/fy1606/2015490070-t.html">http://www.loc.gov/catdir/enhancements/fy1606/2015490070-t.html</a> |
| 856 41 - ELECTRONIC LOCATION AND ACCESS | |
| Materials specified | Jpg and PowerPoint dlides of figures-web links to sources of international data-downloadable Excel Worksheets |
| Uniform Resource Identifier | <a href="http://www.cambridge.org/eg/academic/subjects/economics/economic-development-and-growth/socio-economic-development-2nd-edition?format=PB#resources">http://www.cambridge.org/eg/academic/subjects/economics/economic-development-and-growth/socio-economic-development-2nd-edition?format=PB#resources</a> |
| Link text | Online resources |
| 856 41 - ELECTRONIC LOCATION AND ACCESS | |
| Uniform Resource Identifier | <a href="http://www.dynamicsofdevelopment.com/">http://www.dynamicsofdevelopment.com/</a> |
| Link text | Additional resources |
| 942 ## - ADDED ENTRY ELEMENTS (KOHA) | |
| Source of classification or shelving scheme | Dewey Decimal Classification |
| Edition | 22 |
| Call number prefix | 338.9 SZI |
| Withdrawn status | Item status | Source of classification or shelving scheme | Damaged status | Not for loan | Vendor | Home library | Current library | Shelving location | Date acquired | Source of acquisition | Cost, normal purchase price | Serial Enumeration / chronology | Total Checkouts | Total Renewals | Full call number | Barcode | Date last seen | Date last borrowed | Cost, replacement price | Koha item type |
|---|---|---|---|---|---|---|---|---|---|---|---|---|---|---|---|---|---|---|---|---|
| Dewey Decimal Classification | Baccah | Central Library | Central Library | First floor | 24/10/2016 | Purchase | 675.00 | 25846 | 2 | 4 | 338.9 SZI | 000033954 | 15/07/2025 | 27/02/2022 | 843.75 | Book - Borrowing |